000
00330nam a2200109 a 4500
008
101213s2009|||| d
245
1
0
_a
Biografie vo výročných škôl z územia Slovenska za školské roky 1918/19-1952/53
260
_b
Univerzitná knižnica
_a
Bratislava
_c
2009
020
_c
10
041
_a
slo
044
_a
xo
_c
SK
999
_c
15164
_d
15164